000 01369cam a2200337 a 4500
001 EDZ0000063818
003 StDuBDS
005 20161031105140.0
006 m||||||||d||||||||
007 cr |||||||||||
008 120326s1996 enk fo| 001|0|eng d
020 _a9781446221518 (ebook) :
_cNo price
040 _aStDuBDS
_beng
_cStDuBDS
_epn
049 _aAlfaisal Main Library
050 0 _aRC454
_b.L456 1996
082 0 4 _a616.89
_223
100 1 _aLemma, Alessandra.
245 1 0 _aIntroduction to psychopathology
_h[electronic resource] /
_cAlessandra Lemma.
260 _aLondon :
_bSAGE,
_c1996.
300 _a1 online resource (xii, 226 p.)
504 _aIncludes bibliographical references and index.
520 8 _aThis textbook provides a clear overview of the issues involved in our understanding of psychopathology & offers guidelines on appropriate interventions. It offers a framework for assessing clients which incorporates a broad range of models & approaches.
521 _aSpecialized.
588 _aDescription based on print version record.
650 0 _aPsychology, Pathological.
655 7 _aElectronic books.
_2local
710 2 _aSage eBooks
776 0 8 _iPrint version :
_z9780803974715
856 4 0 _uhttp://ezproxy.alfaisal.edu/login?url=http://sk.sagepub.com/books/introduction-to-psychopathology
942 _2lcc
_cEBOOKS
999 _c480372
_d480372